000 00559nam a2200217Ia 4500
003 OSt
005 20220923230913.0
006 a|||||r|||| 00| 0
007 ta
008 Pun
024 _a306,320
037 _cTextual
040 _aARTS
_cARTS
_bPun
041 _2Pun
_aPun
082 _aO153,6NGUx, M5
100 _aਜੱਸ, ਗੁਰਬਖF
_9167773
245 0 _aਕਲਾ ਸਮਾਜ ਤੇ ਰਾਜਨੀਤੀ
260 _c1985
942 _hO153,6NGUx, M5
_cTEXL
_2CC
999 _c388106
_d388106